01663cam a2200181 a 4500020001500000082001900015245011900034260006100153300003200214500008100246505091100327526003701238650003101275710004501306942001201351999001901363952009901382 a030903356X00a625.80287bNAT00aStrength and deformation characteristics of pavements /cTransportation Research Board, National Research Council. aWashington, D.C. :bNational Academy of Sciences,c1982. aiv, 68 p. :bill. ;c28 cm. aReports presented at an annual meeting of the Transportation Research Board.0 aOrdway Colorado experimental base project / James F. Shook and Bernard F. Kallas -- Use of deflection measurements for determining pavement material properties / B. Frank McCollough and Arthur Taute. -- Marterial layer coefficiants for unbound granular materials from resilient modulus / Gonzalo Rada and Matthew W. Witczak -- Moduli of pavement systems from special analysis of surface waves / J.S. Heisey, K.H. Stokoe II, and A.H. Meyer -- Comparative study of selected nondestructive testing devices / Mario S. Hoffman and Marshall R. Thompson -- Backcalculating nonlinear resilient moduli from deflection data / Mario F. Hoffman and Marshall R. Thompson -- Effective moduli and stress dependence of pavement materials as measured in some heavy-vehicle simulator tests / J.H. Maree ... [et al.] -- Sulphlex pavement performance evaluations from laboratory tests / James A. Sherwood and William J. Kenis. a0b0c0d625_802870000000000_NAT 0aPavementsxTesting.9212182 aNational Research Council (U.S.).920017 2ddccBK c547710d547710 00102ddc4070aMCEbMCEd2014-08-05l0o625.80287 NATpMCE-42281r2014-08-05w2014-08-05yBK